Όρια στην παιδική παντοδυναμία : εκπαιδεύοντας σωστά τα παιδιά

Saved in:
Bibliographic Details
Main Author: Naouri, Aldo
Format: Book
Language:Greek
French
Published: [Αθήνα] : Καθημερινές Εκδόσεις, c2015.
Subjects:
Tags: Add Tag
No Tags, Be the first to tag this record!

MARC

LEADER 00000cam a2200000 a 4500
001 1/122961
008 210520s2015####gr | ||| |||| ||gre||
020 |a 9789605850708 
040 |a GR-MyUa  |b gre  |c GR-MyUa  |e AACR2 
041 1 |a gre  |h fre 
082 7 |a 649.64   |2 (23) 
100 1 |a Naouri, Aldo. 
245 1 0 |a Όρια στην παιδική παντοδυναμία :   |b εκπαιδεύοντας σωστά τα παιδιά /   |c Αλντό Ναουρί ; μετάφραση: Χριστιάννα Σαμαρά. 
260 |a [Αθήνα] :   |b Καθημερινές Εκδόσεις,   |c c2015. 
300 |a 318 σ. ;   |c 22 εκ. 
500 |a Τίτλος πρωτοτύπου: Éduquer ses enfants : l'urgence aujourd'hui. 
500 |a Το βιβλίο κυκλοφόρησε το 2012 από τις εκδόσεις Κέλευθος. 
650 0 |a Child rearing 
650 0 |a Discipline of children. 
650 0 |a Parent and child. 
852 |a INST  |b SYROS  |e 20210518  |h 649.64 NAO  |p 005500014233  |q 005500014233  |t BK  |y 0 
970 |a Κοντού  |b Παρασκευή  |z 20/05/21